Los caminos, 1945-1965 ; (Record no. 141193)

MARC details
000 -LEADER
campo de control de longitud fija 00868nam a2200253 i 4500
001 - NÚMERO DE CONTROL
campo de control 141193
003 - IDENTIFICADOR DE NÚMERO DE CONTROL
campo de control ES-MaACL
005 - FECHA Y HORA DE LA ÚLTIMA TRANSACCIÓN
campo de control 20240524062958.0
007 - CAMPO FIJO DE DESCRIPCIÓN FÍSICA--INFORMACIÓN GENERAL
campo de control de longitud fija t|
008 - DATOS DE LONGITUD FIJA--INFORMACIÓN GENERAL
campo de control de longitud fija 070920s1974 sp ||||1| spa d
020 ## - NÚMERO INTERNACIONAL ESTÁNDAR DEL LIBRO
Número Internacional Estándar del Libro 84-7232-243-2
080 ## - NÚMERO DE LA CLASIFICACIÓN DECIMAL UNIVERSAL
Número de la Clasificación Decimal Universal 860-14"19"
100 0# - ENTRADA PRINCIPAL--NOMBRE DE PERSONA
Nombre de persona Vivanco, Luis Felipe,
Fechas asociadas al nombre 1907-1975
9 (RLIN) 115541
245 14 - MENCIÓN DEL TÍTULO
Título Los caminos, 1945-1965 ;
Resto del título seguido de Continuación de la vida ; El descampado ; y Lugares vividos /
Mención de responsabilidad, etc. Luis Felipe Vivanco.
246 3# - FORMA VARIANTE DEL TITULO
Título propio/Titulo breve Continuación de la vida
246 3# - FORMA VARIANTE DEL TITULO
Título propio/Titulo breve Lugares vividos
260 ## - PUBLICACIÓN, DISTRIBUCIÓN, ETC.
Lugar de publicación, distribución, etc. Madrid :
Nombre del editor, distribuidor, etc. Cultura Hispánica,
Fecha de publicación, distribución, etc. 1974.
300 ## - DESCRIPCIÓN FÍSICA
Extensión 307 p. ;
Dimensiones 21 cm.
490 1# - MENCIÓN DE SERIE
Mención de serie Poesía de España y América. La encina y el mar ;
Designación de volumen o secuencia 53
740 32 - ENTRADA AGREGADA--TÍTULO RELACIONADO/ANALÍTICO NO CONTROLADO
Título relacionado o analítico no controlado El descampado.
830 1# - PUNTO DE ACCESO ADICIONAL DE SERIE-TÍTULO UNIFORME
Título uniforme Poesía de España y América. La encina y el mar ;
Designación de volumen o secuencia 53
9 (RLIN) 179340
852 ## - LOCALIZACIÓN
Ubicación ES-MaACL
Número de control de estantería E-7770
Holdings
Estatus retirado Estado de pérdida Estado de daño No para préstamo Biblioteca de origen Biblioteca actual Ubicación en estantería Fecha de adquisición Fuente de adquisición Total de préstamos Signatura topográfica completa Código de barras Visto por última vez Precio de reemplazo Tipo de ítem Koha
        Biblioteca del Ateneo de Madrid Biblioteca del Ateneo de Madrid Depósito 2 17/01/2008     E-7770 1146915 23/02/2023 23/02/2023 Libro impreso